000 02497nam a22002777a 4500
001 BRCA_9298
003 FranzMayer
005 20230726141901.0
008 230726b |||||||| |||| 00| 0 eng d
040 _aMFM
_besp
_cMFM
050 4 _aLM49
_bP37 1751
082 _2CR3499
100 1 _4Autor
_aParexa de y Quesada, Gabriel
_928978
240 1 _aL. D. Gabrielis de Parexa et Quesada de Universa Instrumentorum editiones tractatus in duos tomus divisus. Tomus Primus.
_hJ.C. Castaonensis, et in Ipsamet civitate, ex flatu Nobilium Confraternitatis Praetoris, Ciruam Magni Philippi IV. fequentis & in ejus Tribunalibus caufurum Patroni, Praxis edendi sive Tractatus de Universa Instrumentorum Editione, Tam a Praelatis, Quam Judicibus Ecclefiafticis & Sacularibus, litigaroribusque in Juridico prestanda. In quo omnis materia Editionum &coacfte porrigendarum complectirur & maximis lucubrationibus congetta enodatur
_lLatín
245 0 _aL.D. Gabriellis De Parexa et Quesada, de Universa Instrumentorum editione tractatus in duos tomus divisus. Tomus Primus
_bJ.C. Castaonensis, et in ipsamet. Civitate, ex flatu Nobilium Confraternitatis Praetoris, Curiam Magni Philippi IV. fequentis & in ejus Tribunalibus caufarum Patroni, Praxis edendi sive Tractatus de Universa Instrumentorum editione, tam a praelatis, quam Judicibus Ecclesiasticis & Sacularibus, litigatoribus que in Juridico preftanda . In quo omnis materia Editionum & caufative porrigendarum completieur & maximis lucubrationibus congelfa enodatur.
250 _aEditio Novissima
_bNovena Edición
260 _aLugduni, Italia
_bSumptibus Petri Bruyset & Sociorum
_c1751
300 _a337 p
_c36 cm
440 _aL.C. Gabrielis De Parexa et Quesada de universa instrumentorum editione travtatus in duos tomos divisus
_nTomus primus
_pCui accfferunt Additionws, in fuis locis repofitae, pro corrobatione corum quae ab Actore feripta funt & aliae pro emmendatione aliquarum opiniomum, prout ex carum serie colligi poterir. Opus fane omnibus in Curiis tam Pontificiis quam Regiis ver fantibus utile apprime & neccrffarium
_vVol 1
_928979
500 _aEl libro tiene preferencia y permiso real de la Corona.
500 _aAlgunas páginas dl libro fueron restauradas.
505 0 _aTexto en: latínDirigido a: historiadores, antropólogos o sociólogos.Incluye índice temático.
650 1 _2Realeza
_aHerencia
_vProvincia
_928980
651 2 _2Títulos de honor
_aTítulos de realeza
_vHaciendas
_928981
942 _2lcc
_cB
999 _c10920
_d10920